000
00263nam a22001217a 4500
003
SGT
082
_a
688
_b
GOY
100
_a
GOYAL, SANDEEP KUMAR
245
_a
THE BIG BOOK OF PACKAGING
260
_a
USA
_b
PACKAGING PUB.
_c
2016
300
_a
504
942
_2
ddc
_c
BK
999
_c
32403
_d
32403